[Event "4NCL Division 3 North"]
[Site "Bolton, ENG"]
[Date "2018.11.11"]
[Round "2.65"]
[White "Costello, John"]
[Black "Collins, Richard A"]
[Result "0-1"]
[WhiteElo "1733"]
[BlackElo "1900"]
[PlyCount "62"]
[EventDate "2018.11.11"]
[WhiteTeam "Manx Liberty 2"]
[BlackTeam "Manchester Manticores 3"]

1. d4 d5 2. c4 e5 3. dxe5 d4 4. Nf3 Nc6 5. a3 a5 6. Bg5 Be7 7. Bxe7 Ngxe7 8. g3
Ng6 9. Bg2 O-O 10. O-O Ngxe5 11. Nxe5 Nxe5 12. Nd2 Qe7 13. Qc2 c5 14. Nf3 Nc6
15. h3 Be6 16. Rfe1 Qd7 17. Kh2 Bf5 18. Qd2 Rfe8 19. Nh4 Be6 20. Bxc6 Qxc6 21.
Rac1 Qd7 22. Qg5 b6 23. g4 f6 24. Qd2 Rad8 25. Ng2 Qf7 26. Qc2 h5 27. f3 Qc7+
28. f4 hxg4 29. hxg4 Bxg4 30. Kg3 f5 31. Rcd1 g5 0-1

[Event "4NCL Division 3 North"]
[Site "Bolton, ENG"]
[Date "2018.11.11"]
[Round "2.66"]
[White "Potter, Steven"]
[Black "Woodard, Brian"]
[Result "0-1"]
[WhiteElo "1892"]
[BlackElo "1658"]
[PlyCount "128"]
[EventDate "2018.11.11"]
[WhiteTeam "Manchester Manticores 3"]
[BlackTeam "Manx Liberty 2"]

1. d4 d5 2. Bg5 c6 3. e3 Bf5 4. Nf3 Nd7 5. Nbd2 h6 6. Bh4 Ngf6 7. c4 e6 8. a3
Be7 9. cxd5 cxd5 10. Be2 Rc8 11. Qa4 a6 12. Bxf6 Bxf6 13. Ne5 Bxe5 14. dxe5 O-O
15. Qd4 Qb6 16. Qxb6 Nxb6 17. b4 Rc7 18. g4 Bg6 19. Nf3 Rfc8 20. O-O Nd7 21.
Nd4 Nxe5 22. f4 Nc6 23. Nxc6 Rxc6 24. f5 exf5 25. gxf5 Bh7 26. Bf3 Rd6 27. Rad1
Rcd8 28. e4 dxe4 29. Rxd6 Rxd6 30. Bxe4 b6 31. Rc1 g6 32. Rc8+ Kg7 33. fxg6
Bxg6 34. Bxg6 Rxg6+ 35. Kf2 Re6 36. Kf3 Kg6 37. Ra8 b5 38. Rg8+ Kf5 39. Rc8 Ke5
40. Ke3 f5 41. Rc5+ Kf6+ 42. Kf4 Re4+ 43. Kf3 Rc4 44. Rxc4 bxc4 45. Ke3 Ke5 46.
a4 f4+ 47. Ke2 Kd5 48. Kd2 Kd4 49. a5 c3+ 50. Kc2 Kc4 51. b5 Kxb5 52. Kxc3 Kxa5
53. Kd3 Kb4 54. Ke4 a5 55. Kxf4 a4 56. Kg4 a3 57. Kh5 a2 58. h4 a1=Q 59. Kxh6
Qh8+ 60. Kg5 Qh7 61. h5 Kc4 62. h6 Kd4 63. Kh5 Qf5+ 64. Kh4 Qg6 0-1

[Event "4NCL Division 3 North"]
[Site "Bolton, ENG"]
[Date "2018.11.11"]
[Round "2.71"]
[White "Clarke, Stuart W"]
[Black "Tyton, Adam"]
[Result "1/2-1/2"]
[WhiteElo "2213"]
[BlackElo "1862"]
[PlyCount "88"]
[EventDate "2018.11.11"]
[WhiteTeam "3Cs 2"]
[BlackTeam "Manchester Manticores 4"]

1. e4 c6 2. d4 d5 3. exd5 cxd5 4. c4 Nf6 5. Nc3 e6 6. Nf3 Bb4 7. Bd3 O-O 8. O-O
dxc4 9. Bxc4 Nbd7 10. Bg5 Qa5 11. Qb3 Bxc3 12. bxc3 b6 13. Rfe1 Bb7 14. Bxf6
Bxf3 15. Bh4 Qh5 16. Bg3 Bg4 17. Bb5 Nf6 18. Bd6 Rfd8 19. Bc6 Rac8 20. Bb7 Qg6
21. Bxc8 Rxd6 22. Bb7 Rd7 23. Bc6 Rd6 24. Qb5 h6 25. Re3 Nd5 26. Bxd5 Rxd5 27.
Qf1 h5 28. h3 Bf5 29. Qe2 Ra5 30. c4 h4 31. c5 bxc5 32. Qd2 cxd4 33. Qxd4 Qg5
34. a3 a6 35. Qb6 Bg6 36. Rc1 Kh7 37. Rce1 Qc5 38. Qxc5 Rxc5 39. Re5 Rc6 40. a4
Rc4 41. Ra1 Bf5 42. Re3 Kg6 43. g4 Be4 44. Rb3 Bc6 1/2-1/2

[Event "4NCL Division 3 North"]
[Site "Bolton, ENG"]
[Date "2018.11.11"]
[Round "2.72"]
[White "Lonsdale, Jon I"]
[Black "Lea, Daniel J"]
[Result "0-1"]
[WhiteElo "1862"]
[BlackElo "2065"]
[PlyCount "64"]
[EventDate "2018.11.11"]
[WhiteTeam "Manchester Manticores 4"]
[BlackTeam "3Cs 2"]

1. e4 e6 2. d4 d5 3. e5 c5 4. c3 Nc6 5. Nf3 Bd7 6. Be2 Qc7 7. O-O f6 8. Re1
O-O-O 9. a3 fxe5 10. Nxe5 Nxe5 11. dxe5 Qxe5 12. Bf3 Qd6 13. c4 Nf6 14. b4 dxc4
15. Be3 Qxd1 16. Rxd1 Bc6 17. Rxd8+ Kxd8 18. Bxc6 bxc6 19. bxc5 Ne4 20. f3 Bxc5
21. Bxc5 Nxc5 22. Ra2 Na4 23. Rc2 Nb6 24. Nd2 Kc7 25. Nxc4 Nxc4 26. Rxc4 Rd8
27. Kf2 Rd2+ 28. Kg3 a5 29. h4 h5 30. Rf4 c5 31. Rf7+ Rd7 32. Rf4 Kc6 0-1

[Event "4NCL Division 3 North"]
[Site "Bolton, ENG"]
[Date "2018.11.11"]
[Round "2.73"]
[White "Ye, Kevin"]
[Black "Newell, David F"]
[Result "1-0"]
[WhiteElo "1945"]
[BlackElo "1817"]
[PlyCount "29"]
[EventDate "2018.11.11"]
[WhiteTeam "3Cs 2"]
[BlackTeam "Manchester Manticores 4"]

1. e4 c5 2. c3 g6 3. d4 Qa5 4. Na3 Bg7 5. Nc4 Qc7 6. e5 b5 7. Ne3 Bb7 8. Nf3 a6
9. a4 Qb6 10. axb5 axb5 11. Rxa8 Bxa8 12. d5 d6 13. exd6 exd6 14. Qb3 b4 15.
Qa4+ 1-0

[Event "4NCL Division 3 North"]
[Site "Bolton, ENG"]
[Date "2018.11.11"]
[Round "2.74"]
[White "Livesey, R Nigel"]
[Black "Tebelev, Michael"]
[Result "1-0"]
[WhiteElo "1772"]
[BlackElo "1839"]
[PlyCount "105"]
[EventDate "2018.11.11"]
[WhiteTeam "Manchester Manticores 4"]
[BlackTeam "3Cs 2"]

1. c4 e5 2. g3 c5 3. Nc3 Nc6 4. Bg2 g6 5. d3 Bg7 6. Nf3 Nge7 7. h4 h6 8. Bd2 d6
9. Qc1 Be6 10. Rb1 Rc8 11. e4 Nb4 12. Ke2 Bg4 13. a3 Nbc6 14. Ke1 Nd4 15. Nxd4
cxd4 16. Nd5 Nxd5 17. exd5 b5 18. b3 Qe7 19. f3 Bf5 20. Bf1 e4 21. dxe4 Bxe4
22. Kf2 Bxb1 23. Qxb1 bxc4 24. bxc4 O-O 25. Bd3 Rb8 26. Qc1 h5 27. Bg5 Qd7 28.
Bf4 Be5 29. Bh6 Rfe8 30. Qc2 Kh7 31. Bc1 Qb7 32. f4 Bf6 33. f5 Rg8 34. Qd2 Rh8
35. fxg6+ fxg6 36. Qh6+ Kg8 37. Qxg6+ Qg7 38. Qe4 Be5 39. Bf4 Rf8 40. Rg1 Rh6
41. Rg2 Rhf6 42. Ke1 R8f7 43. Qe2 Re7 44. Be4 Qg4 45. Bf3 Qh3 46. Be4 Qh1+ 47.
Kd2 Bxf4+ 48. gxf4+ Kf8 49. Qxh5 Rxe4 50. Qh8+ Ke7 51. Qh7+ Rf7 52. Qxe4+ Kd7
53. Qe6+ 1-0

[Event "4NCL Division 3 North"]
[Site "Bolton, ENG"]
[Date "2018.11.11"]
[Round "2.75"]
[White "Griffiths, Gareth N R"]
[Black "Grindrod, John"]
[Result "1-0"]
[WhiteElo "1652"]
[BlackElo "1735"]
[PlyCount "55"]
[EventDate "2018.11.11"]
[WhiteTeam "3Cs 2"]
[BlackTeam "Manchester Manticores 4"]

1. e4 e6 2. d4 d5 3. Nc3 Nf6 4. e5 Nfd7 5. f4 c5 6. Nf3 Nc6 7. Ne2 Qb6 8. c3
cxd4 9. Nexd4 a6 10. g3 h6 11. Qc2 Bc5 12. Be3 Qc7 13. Qf2 Be7 14. Bh3 Nxd4 15.
Bxd4 Bc5 16. O-O O-O 17. f5 Bxd4 18. cxd4 exf5 19. Bxf5 Nb6 20. Rac1 Qe7 21.
Nh4 Be6 22. Bd3 g6 23. Qd2 Kg7 24. Rf6 Nd7 25. Nxg6 fxg6 26. Rxg6+ Kf7 27. Qxh6
Rg8 28. Rf1+ 1-0

[Event "4NCL Division 3 North"]
[Site "Bolton, ENG"]
[Date "2018.11.11"]
[Round "2.76"]
[White "Pardoe, David"]
[Black "Abbas, Ahmed C"]
[Result "1-0"]
[WhiteElo "1705"]
[BlackElo "1675"]
[PlyCount "117"]
[EventDate "2018.11.11"]
[WhiteTeam "Manchester Manticores 4"]
[BlackTeam "3Cs 2"]

1. d4 Nf6 2. c4 g6 3. Nc3 Bg7 4. e4 d6 5. Be2 O-O 6. Be3 e5 7. d5 Na6 8. g4 Nc5
9. Bxc5 dxc5 10. g5 Ne8 11. h4 Nd6 12. Nh3 a6 13. Qd3 b5 14. cxb5 axb5 15. Qe3
b4 16. Nd1 Rb8 17. b3 Bd7 18. f3 Nb7 19. Nb2 Qc8 20. Nf2 c6 21. Bc4 cxd5 22.
Bxd5 Be6 23. Rd1 Rd8 24. Ng4 Bxg4 25. Bxb7 Rxd1+ 26. Kxd1 Bxf3+ 27. Qxf3 Qxb7
28. h5 Qd7+ 29. Kc2 Qe7 30. h6 Bh8 31. Qe3 Rd8 32. Nd3 Qd6 33. Rf1 Qd4 34. Qxd4
exd4 35. Kb2 Kf8 36. Kc2 Ke7 37. Kb1 Rc8 38. Rc1 f6 39. Nxb4 Kd6 40. Nd5 fxg5
41. Rg1 Ke5 42. Rg4 Rc6 43. Kc2 c4 44. bxc4 Rxc4+ 45. Kd3 Ra4 46. Rxg5+ Kd6 47.
Rg2 Ra3+ 48. Kc4 Ke5 49. Nb4 Rc3+ 50. Kb5 Kxe4 51. a4 Kf3 52. Rh2 Kg3 53. Re2
Re3 54. Rd2 Be5 55. a5 Ra3 56. a6 Bd6 57. Rxd4 Bf8 58. Rd3+ Rxd3 59. Nxd3 1-0

﻿

[Event "4NCL Division 3 North"]
[Site "Doncaster, ENG"]
[Date "2019.01.12"]
[Round "3.11"]
[White "Dunworth, Christopher N"]
[Black "White, Mark W"]
[Result "1/2-1/2"]
[WhiteElo "2265"]
[BlackElo "2015"]
[PlyCount "98"]
[EventDate "2019.01.12"]
[WhiteTeam "White Rose 2"]
[BlackTeam "Jorvik"]

1. b3 e5 2. Bb2 d6 3. e3 Nf6 4. d4 exd4 5. Qxd4 Be7 6. Nc3 O-O 7. Nd5 Nc6 8.
Nxe7+ Qxe7 9. Qc3 Qe5 10. O-O-O Qxc3 11. Bxc3 Ne4 12. Be1 a5 13. a4 Be6 14. Ne2
Ne7 15. Nf4 Ng6 16. Nxg6 fxg6 17. f3 Nf6 18. e4 g5 19. h3 h6 20. Kb2 Nh5 21. c4
Nf4 22. Bc3 Ng6 23. Be2 Nf4 24. Bf1 Ng6 25. Rd2 b6 26. Bd3 Rad8 27. Rhd1 Ne5
28. Be2 Rde8 29. Kc2 Ng6 30. Ra1 Nf4 31. Bf1 Ng6 32. Re1 Bc8 33. Kd3 Ne5+ 34.
Ke3 Ng6 35. Kf2 Ne5 36. Kg3 Ng6 37. Rde2 Ne5 38. Re3 Bd7 39. Rd1 Bc6 40. Be2
Ng6 41. Bf1 Ne5 42. Bd3 Ng6 43. Bc2 Ne5 44. h4 gxh4+ 45. Kxh4 Re6 46. Kg3 Rg6+
47. Kh2 Re6 48. Rde1 Kh8 49. Bd1 Be8 1/2-1/2

[Event "4NCL Division 3 North"]
[Site "Doncaster, ENG"]
[Date "2019.01.12"]
[Round "3.12"]
[White "Hodge, Steve R"]
[Black "Gayson, Peter M"]
[Result "0-1"]
[WhiteElo "1988"]
[BlackElo "2170"]
[PlyCount "96"]
[EventDate "2019.01.12"]
[WhiteTeam "Jorvik"]
[BlackTeam "White Rose 2"]

1. e4 c5 2. Nc3 e6 3. f4 d5 4. Nf3 dxe4 5. Nxe4 Be7 6. g3 Nf6 7. Nf2 O-O 8. Bg2
Nc6 9. O-O Qc7 10. b3 b6 11. Bb2 Bb7 12. Qe2 Rad8 13. Nd3 Nb4 14. Nxb4 cxb4 15.
Rac1 Qc8 16. c4 Bc5+ 17. Kh1 Bxf3 18. Bxf3 Bd4 19. Bxd4 Rxd4 20. Qe3 Rfd8 21.
Rcd1 Rd3 22. Qe2 Qc5 23. f5 Qxf5 24. Bd5 Qg6 25. Rxf6 gxf6 26. Be4 Rxd2 27.
Rxd2 Rxd2 28. Qxd2 Qxe4+ 29. Kg1 e5 30. Qxb4 Qb1+ 31. Kg2 Qxa2+ 32. Kh3 Qf2 33.
Qe7 Qf1+ 34. Kh4 Qf5 35. g4 Qf4 36. Kh3 a5 37. b4 Qf3+ 38. Kh4 Qf2+ 39. Kh3
axb4 40. Qxb4 Qf3+ 41. Kh4 Qg2 42. h3 Qf2+ 43. Kh5 Qg3 44. h4 Qd3 45. g5 Qf3+
46. Kh6 Qg4 47. Qe1 fxg5 48. h5 Qf4 0-1

[Event "4NCL Division 3 North"]
[Site "Doncaster, ENG"]
[Date "2019.01.12"]
[Round "3.13"]
[White "Burnett, Jim"]
[Black "Carpenter, James M"]
[Result "1-0"]
[WhiteElo "2140"]
[BlackElo "1979"]
[PlyCount "33"]
[EventDate "2019.01.12"]
[WhiteTeam "White Rose 2"]
[BlackTeam "Jorvik"]

1. d4 f5 2. g3 Nf6 3. Bg2 g6 4. Nf3 Bg7 5. O-O O-O 6. b3 d6 7. c4 Qe8 8. Nc3 c6
9. Qc2 e5 10. dxe5 dxe5 11. Ba3 Rf7 12. e4 h6 13. Nh4 Nxe4 14. Nxe4 fxe4 15.
Bxe4 g5 16. Bh7+ Kh8 17. Ng6+ 1-0

[Event "4NCL Division 3 North"]
[Site "Doncaster, ENG"]
[Date "2019.01.12"]
[Round "3.14"]
[White "Cowan, Richard M"]
[Black "Li, Harry"]
[Result "1/2-1/2"]
[WhiteElo "1893"]
[BlackElo "2058"]
[PlyCount "158"]
[EventDate "2019.01.12"]
[WhiteTeam "Jorvik"]
[BlackTeam "White Rose 2"]

1. g3 d5 2. Bg2 Nf6 3. c4 e6 4. Nf3 Be7 5. O-O O-O 6. b3 a5 7. d3 c6 8. Nbd2
Nbd7 9. Bb2 a4 10. Rb1 b5 11. Nd4 Qb6 12. cxb5 cxb5 13. bxa4 Rxa4 14. Nxb5 Rb4
15. a4 Ba6 16. Bc3 Rxb1 17. Qxb1 Rb8 18. Nd4 Qc7 19. Qa1 Rc8 20. Bb2 Bb4 21.
Rc1 Qb7 22. Rxc8+ Qxc8 23. N2f3 Qc5 24. Nb3 Qc7 25. Ne5 Qc2 26. Nd4 Qc5 27.
Ndc6 Nxe5 28. Nxb4 Neg4 29. Qe1 Bb7 30. Bxf6 Nxf6 31. Qb1 Kf8 32. h3 Ke7 33. e3
Bc8 34. a5 Kd6 35. a6 Qb6 36. Qb2 Bxa6 37. Qa3 Bb5 38. Nxd5+ Qc5 39. Qxc5+ Kxc5
40. d4+ Kd6 41. Nxf6 gxf6 42. Be4 f5 43. Bc2 Bc6 44. f4 Kd5 45. Kf2 Kc4 46. g4
Kc3 47. Bb1 Kb2 48. Bd3 Kc3 49. Be2 fxg4 50. hxg4 h6 51. Bf3 Bb5 52. Be4 f6 53.
f5 Bc4 54. Kf3 e5 55. dxe5 fxe5 56. f6 Bf7 57. Bc6 Kd2 58. e4 Kd3 59. Bd5 Bxd5
60. exd5 e4+ 61. Kf4 e3 62. d6 e2 63. d7 e1=Q 64. d8=Q+ Kc4 65. Qc7+ Kd5 66.
Qb7+ Kd6 67. Qb6+ Kd5 68. Qb5+ Kd6 69. Qd3+ Ke6 70. Qf5+ Kf7 71. Qh7+ Kxf6 72.
Qxh6+ Kf7 73. Qh7+ Kf8 74. Qf5+ Kg7 75. Qe5+ Qxe5+ 76. Kxe5 Kg6 77. Kf4 Kf6 78.
g5+ Kg6 79. Kg4 Kg7 1/2-1/2

[Event "4NCL Division 3 North"]
[Site "Doncaster, ENG"]
[Date "2019.01.12"]
[Round "3.15"]
[White "Shaw, Peter"]
[Black "Flint, Martina"]
[Result "1-0"]
[WhiteElo "2089"]
[BlackElo "1829"]
[PlyCount "107"]
[EventDate "2019.01.12"]
[WhiteTeam "White Rose 2"]
[BlackTeam "Jorvik"]

1. d4 d6 2. Nf3 g6 3. c4 Bg7 4. Nc3 c6 5. e4 Nf6 6. Be2 Qc7 7. O-O O-O 8. h3 e5
9. Be3 Na6 10. dxe5 dxe5 11. a3 Rd8 12. Qc2 Qe7 13. b4 Nh5 14. c5 Nc7 15. Bc4
h6 16. Rad1 Rxd1 17. Rxd1 Nf4 18. Qd2 Be6 19. Bxe6 Ncxe6 20. Qd7 Re8 21. Qxe7
Rxe7 22. h4 Nc7 23. a4 a6 24. g3 Nfe6 25. Rd6 Ne8 26. Rd2 N8c7 27. h5 g5 28.
Ne2 Ne8 29. Nc3 N8c7 30. Kg2 Kh7 31. Rd1 Bf6 32. Nb1 Ng7 33. g4 Nge6 34. Nc3
Kg7 35. Ne2 Nf4+ 36. Bxf4 exf4 37. Ned4 Rxe4 38. Nf5+ Kf8 39. Rd7 Nd5 40. Rxb7
Rxb4 41. Ra7 Ke8 42. Rxa6 Rb2 43. N3d4 Ne3+ 44. Kf3 Nd1 45. Ra8+ Kd7 46. Ra7+
Ke8 47. Nd6+ Kf8 48. Rxf7+ Kg8 49. Rxf6 Rxf2+ 50. Ke4 Nc3+ 51. Kf5 Nd5 52. Rxh6
Rd2 53. Ne6 Ne7+ 54. Kf6 1-0

[Event "4NCL Division 3 North"]
[Site "Doncaster, ENG"]
[Date "2019.01.12"]
[Round "3.16"]
[White "Anderson, Paul W"]
[Black "Arnott, Jonathan W"]
[Result "0-1"]
[WhiteElo "1780"]
[BlackElo "2133"]
[PlyCount "70"]
[EventDate "2019.01.12"]
[WhiteTeam "Jorvik"]
[BlackTeam "White Rose 2"]

1. c4 e5 2. Nc3 Nc6 3. Nf3 f5 4. d4 e4 5. Ng5 Be7 6. Nh3 Nf6 7. g3 d5 8. cxd5
Nxd5 9. Bg2 Bb4 10. Qd2 Nb6 11. e3 Be6 12. b3 Nd5 13. Bb2 g5 14. Rd1 h5 15. a3
Bxc3 16. Bxc3 Rh7 17. b4 g4 18. Nf4 Nxf4 19. gxf4 Qd5 20. Qb2 Ne7 21. Rc1 Ng6
22. Bd2 Nh4 23. O-O Qd6 24. b5 Nf3+ 25. Bxf3 gxf3 26. Kh1 O-O-O 27. Bb4 Qd7 28.
Rg1 Rg8 29. d5 Rxg1+ 30. Rxg1 Qxd5 31. Qf6 b6 32. h4 Kb7 33. Kh2 Qa2 34. Kg3
Bd7 35. Rd1 Qg8+ 0-1

[Event "4NCL Division 3 North"]
[Site "Doncaster, ENG"]
[Date "2019.01.12"]
[Round "3.22"]
[White "Bryant, Richard B E"]
[Black "Dean, Robert A"]
[Result "1-0"]
[WhiteElo "2005"]
[BlackElo "1811"]
[PlyCount "69"]
[EventDate "2019.01.12"]
[WhiteTeam "Shropshire 1"]
[BlackTeam "Bradford DCA Knights C"]

1. e4 e6 2. d4 d5 3. Nc3 Bb4 4. e5 c5 5. a3 Bxc3+ 6. bxc3 Ne7 7. Qg4 Nbc6 8.
Qxg7 Rg8 9. Qxh7 cxd4 10. Nf3 Qa5 11. Bd2 dxc3 12. Bg5 Bd7 13. Bxe7 Nxe7 14.
Qh4 Qa4 15. Qxa4 Bxa4 16. O-O-O Nf5 17. Rg1 Rc8 18. g4 Ne7 19. Rd4 Bd7 20. h4
Nc6 21. Rf4 a6 22. h5 Ke7 23. Bd3 Na5 24. h6 b5 25. h7 Rh8 26. Kb1 Nc4 27. g5
a5 28. g6 fxg6 29. Bxg6 Be8 30. Bd3 Nd2+ 31. Ka2 Ne4 32. Rg7+ Kd8 33. Nd4 Bd7
34. Bxe4 dxe4 35. Rff7 1-0

[Event "4NCL Division 3 North"]
[Site "Doncaster, ENG"]
[Date "2019.01.12"]
[Round "3.23"]
[White "Bramson, Mike"]
[Black "Higgie, Charles L"]
[Result "0-1"]
[WhiteElo "1809"]
[BlackElo "1997"]
[PlyCount "90"]
[EventDate "2019.01.12"]
[WhiteTeam "Bradford DCA Knights C"]
[BlackTeam "Shropshire 1"]

1. e4 c5 2. Nf3 d6 3. Nc3 Nf6 4. Bc4 a6 5. a4 e6 6. O-O d5 7. exd5 exd5 8. Ba2
Be7 9. d3 O-O 10. Bg5 Be6 11. Re1 Nc6 12. h3 Qd7 13. Ne2 h6 14. Bf4 Bd6 15. Qd2
b5 16. Ng3 Bxf4 17. Qxf4 bxa4 18. Qxa4 Nd4 19. Qxd7 Nxf3+ 20. gxf3 Nxd7 21. f4
g6 22. Kh2 Rfb8 23. Rg1 Kf8 24. Rab1 Rb4 25. Ne2 Rab8 26. b3 d4 27. Kg3 Nf6 28.
Rbe1 Nd5 29. Nc1 Nc3 30. Re5 R8b5 31. Bb1 Nxb1 32. Na2 Na3 33. Nxb4 cxb4 34.
Re2 Rc5 35. Re4 Nxc2 36. Rc1 Rc3 37. Kh4 Bxb3 38. Re5 Rxd3 39. f5 Rc3 40. fxg6
Be6 41. f3 Rxf3 42. Rxe6 fxe6 43. Rxc2 d3 44. Rc6 b3 45. Kg4 b2 0-1

[Event "4NCL Division 3 North"]
[Site "Doncaster, ENG"]
[Date "2019.01.12"]
[Round "3.24"]
[White "Archer, Richard"]
[Black "Procter, Colin S"]
[Result "1-0"]
[WhiteElo "1960"]
[BlackElo "1776"]
[PlyCount "152"]
[EventDate "2019.01.12"]
[WhiteTeam "Shropshire 1"]
[BlackTeam "Bradford DCA Knights C"]

1. d4 g6 2. e4 Bg7 3. c3 d6 4. f4 Nf6 5. e5 Nfd7 6. Nf3 O-O 7. Bd3 dxe5 8. fxe5
Nb6 9. O-O Na6 10. b4 c6 11. Nbd2 Nc7 12. Ne4 Ncd5 13. Bd2 Nc7 14. Qe1 Bf5 15.
Qe2 Bxe4 16. Bxe4 Ne6 17. Ng5 Nxg5 18. Bxg5 Nd5 19. Rf3 Nxc3 20. Rxc3 Qxd4+ 21.
Qe3 Bxe5 22. Rac1 f6 23. Rc4 Qd6 24. Bh6 Rfd8 25. Qh3 f5 26. Bc2 Bd4+ 27. Be3
Qe5 28. Bxd4 Rxd4 29. Bb3 Kg7 30. Rc5 Qe2 31. Qc3 Qd2 32. Re1 Kf8 33. Qxd2 Rxd2
34. b5 Rc8 35. Rce5 Rc7 36. bxc6 bxc6 37. Rc5 Kg7 38. Rec1 Rd6 39. Ba4 Rd2 40.
Bb3 Rd6 41. R1c2 Kf6 42. Ba4 e5 43. Rxc6 Rcxc6 44. Rxc6 Rxc6 45. Bxc6 e4 46.
Kf2 Ke5 47. Be8 g5 48. Ke3 f4+ 49. Ke2 Kd4 50. h3 a5 51. a4 Kc3 52. Bd7 Kd4 53.
Bf5 h5 54. Bg6 h4 55. Bh5 Kc3 56. Bg4 Kb4 57. Bf5 e3 58. Bc2 Kc3 59. Bd1 Kd4
60. Kf3 Kd3 61. Be2+ Kd2 62. Bb5 Ke1 63. Kg4 Kf2 64. Kxg5 Kg3 65. Be2 Kxg2 66.
Kxf4 Kf2 67. Bd1 e2 68. Bxe2 Kxe2 69. Kg4 Kd3 70. Kxh4 Kc4 71. Kg5 Kb4 72. h4
Kxa4 73. h5 Kb3 74. h6 a4 75. h7 a3 76. h8=Q Ka2 1-0

[Event "4NCL Division 3 North"]
[Site "Doncaster, ENG"]
[Date "2019.01.12"]
[Round "3.31"]
[White "Clarke, Stuart W"]
[Black "Powell, Lloyd"]
[Result "0-1"]
[WhiteElo "2207"]
[BlackElo "2049"]
[PlyCount "62"]
[EventDate "2019.01.12"]
[WhiteTeam "3Cs 2"]
[BlackTeam "Spirit of Atticus B"]

1. e4 c5 2. c3 d5 3. exd5 Qxd5 4. d4 Nf6 5. Nf3 Nc6 6. Be3 cxd4 7. cxd4 e6 8.
Nc3 Qd6 9. a3 Be7 10. Bd3 b6 11. O-O Bb7 12. h3 O-O 13. Qe2 Rfd8 14. Rad1 Rac8
15. Rfe1 h6 16. Bb1 Qc7 17. Bc1 Bf8 18. Ba2 Ne7 19. Bxe6 Bxf3 20. Qxf3 fxe6 21.
Rxe6 Ned5 22. Ne4 Nxe4 23. Qxe4 Qc2 24. Qg4 Kh8 25. Rde1 Nf6 26. Qh4 Qg6 27.
Bd2 Rc2 28. Bc3 Qg5 29. Qxg5 hxg5 30. R1e5 Rc1+ 31. Kh2 Bd6 0-1

[Event "4NCL Division 3 North"]
[Site "Doncaster, ENG"]
[Date "2019.01.12"]
[Round "3.34"]
[White "Cooper, John G"]
[Black "Adams, Philip"]
[Result "0-1"]
[WhiteElo "1942"]
[BlackElo "2095"]
[PlyCount "78"]
[EventDate "2019.01.12"]
[WhiteTeam "Spirit of Atticus B"]
[BlackTeam "3Cs 2"]

1. d4 Nf6 2. Bf4 g6 3. Nc3 d6 4. e4 c6 5. Be2 Qa5 6. Qd2 e5 7. Be3 Bg7 8. h4
O-O 9. Bf3 h5 10. Nge2 Re8 11. O-O Nbd7 12. g3 exd4 13. Nxd4 Ne5 14. Be2 Bh3
15. Rfd1 Rad8 16. Nd5 Qxd2 17. Nxf6+ Bxf6 18. Rxd2 Ng4 19. Bf3 Nxe3 20. fxe3 a6
21. c3 Bc8 22. Kf2 c5 23. Ne2 b5 24. Rad1 Be5 25. Nf4 Be6 26. Nd5 Bxd5 27. exd5
Rb8 28. g4 hxg4 29. Bxg4 f5 30. Be2 Bf6 31. Rh1 Rb7 32. h5 g5 33. a4 c4 34.
axb5 axb5 35. Ra1 g4 36. Rh1 Bg5 37. Rdd1 Bxe3+ 38. Kg3 Bh6 39. Bf1 Rg7 0-1

[Event "4NCL Division 3 North"]
[Site "Doncaster, ENG"]
[Date "2019.01.12"]
[Round "3.35"]
[White "Ye, Kevin"]
[Black "Miles, Richard"]
[Result "1/2-1/2"]
[WhiteElo "1945"]
[BlackElo "1957"]
[PlyCount "139"]
[EventDate "2019.01.12"]
[WhiteTeam "3Cs 2"]
[BlackTeam "Spirit of Atticus B"]

1. e4 c5 2. c3 d5 3. exd5 Qxd5 4. d4 Nf6 5. Nf3 Bg4 6. Be2 e6 7. O-O Nc6 8. h3
Bh5 9. Be3 cxd4 10. cxd4 Be7 11. Nc3 Qd6 12. Rc1 O-O 13. Qd2 Rfd8 14. Bf4 Qb4
15. Bc7 Rd7 16. a3 Nxd4 17. Nxd4 Qxd4 18. Qxd4 Rxd4 19. Bxh5 Nxh5 20. Rfd1
Rxd1+ 21. Rxd1 Nf6 22. Bd6 Kf8 23. Kf1 Bxd6 24. Rxd6 Ke7 25. Rd2 a6 26. Na4 Nd5
27. Nc5 b6 28. Ne4 Rc8 29. g3 h6 30. f3 f5 31. Nf2 g5 32. Ke2 Rc1 33. Rd1 Rxd1
34. Nxd1 Kd6 35. Kd3 Kc5 36. b3 b5 37. Nb2 Nf6 38. b4+ Kd5 39. Nd1 Kd6 40. Ne3
Nd5 41. Ng2 Ke5 42. h4 f4 43. hxg5 hxg5 44. g4 Nb6 45. Ne1 Kd5 46. Kc3 Na4+ 47.
Kd3 e5 48. Nc2 Nb2+ 49. Kc3 Nc4 50. Kd3 Nd6 51. Ne1 e4+ 52. Kc3 exf3 53. Nxf3
Ne4+ 54. Kd3 Nf2+ 55. Kd2 Nxg4 56. Nxg5 Ne5 57. Nh3 Ke4 58. Ng5+ Kf5 59. Nh3
Nc4+ 60. Ke2 Kg4 61. Nf2+ Kg3 62. Nd3 f3+ 63. Kf1 Nxa3 64. Nc5 Nc2 65. Nd3 Ne3+
66. Kg1 Ng4 67. Kf1 f2 68. Ke2 Kg2 69. Nf4+ Kg1 70. Nh3+ 1/2-1/2

[Event "4NCL Division 3 North"]
[Site "Doncaster, ENG"]
[Date "2019.01.12"]
[Round "3.41"]
[White "Tyton, Adam"]
[Black "Whitfield, Craig M"]
[Result "0-1"]
[WhiteElo "1862"]
[BlackElo "2155"]
[PlyCount "108"]
[EventDate "2019.01.12"]
[WhiteTeam "Manchester Manticores 4"]
[BlackTeam "Cheddleton 2"]

1. e4 g6 2. d4 Bg7 3. Nf3 d6 4. Nc3 a6 5. a4 Nc6 6. Be3 Nf6 7. Be2 O-O 8. O-O
Re8 9. Qd2 Bg4 10. Rfd1 Bxf3 11. Bxf3 e5 12. d5 Nd4 13. Be2 c6 14. dxc6 bxc6
15. a5 Rb8 16. Ra2 Qc8 17. f3 d5 18. exd5 Nxd5 19. Nxd5 cxd5 20. Bxd4 exd4 21.
Bd3 Re6 22. b3 Bf8 23. Ra4 Qc7 24. f4 Rbe8 25. Rf1 f5 26. g3 Qc5 27. Kg2 Bg7
28. Qb4 Qc7 29. Qd2 Qc6 30. Rd1 R8e7 31. Qf2 Qe8 32. Qf3 Qc6 33. Rb4 Qc5 34.
Ra4 Qc6 35. Rb4 Qc5 36. Ra4 Re3 37. Qf1 R7e6 38. Ra2 Qc6 39. Ra4 Qc5 40. Ra2
Qc6 41. Ra4 h5 42. h4 Bf6 43. Raa1 Qe8 44. Rd2 Qe7 45. Qf2 Qc5 46. Qf1 Qc3 47.
Rdd1 Be7 48. Ra2 Bb4 49. Rda1 Qd2+ 50. Kh3 Rxg3+ 51. Kxg3 Re3+ 52. Qf3 Bd6 53.
Bxa6 g5 54. Be2 Qxe2 0-1

[Event "4NCL Division 3 North"]
[Site "Doncaster, ENG"]
[Date "2019.01.12"]
[Round "3.43"]
[White "Livesey, R Nigel"]
[Black "Acey, Gerald"]
[Result "1/2-1/2"]
[WhiteElo "1772"]
[BlackElo "2117"]
[PlyCount "106"]
[EventDate "2019.01.12"]
[WhiteTeam "Manchester Manticores 4"]
[BlackTeam "Cheddleton 2"]

1. c4 e6 2. g3 d5 3. Bg2 c5 4. Nf3 Nc6 5. cxd5 exd5 6. O-O Nf6 7. d3 Be7 8. Bg5
O-O 9. Nc3 h6 10. Bf4 Be6 11. Rc1 Rc8 12. Na4 b6 13. b3 Qd7 14. Nb2 Rfd8 15. d4
Bh3 16. dxc5 bxc5 17. Nd3 Bxg2 18. Kxg2 Ne4 19. Nde5 Nxe5 20. Nxe5 Qe6 21. Nf3
Bf6 22. Qc2 Nc3 23. Rfe1 d4 24. Qd3 Nxa2 25. Rc4 Nb4 26. Qb1 Nd5 27. Bd2 Nb6
28. Rcc1 Re8 29. e3 Qd7 30. exd4 cxd4 31. Qd3 Rxe1 32. Rxe1 Qd5 33. Kg1 Rd8 34.
Ra1 Qd7 35. Re1 Qb7 36. Re4 Qd5 37. Re1 Nd7 38. b4 Nf8 39. Ra1 Rd7 40. Ra5 Qd6
41. Ra6 Qe7 42. Ra5 Ne6 43. Ne5 Rc7 44. Ng4 Ng5 45. Nxf6+ Qxf6 46. f4 Ne6 47.
Qe4 Qd8 48. h4 d3 49. Rd5 Rd7 50. Rxd7 Qxd7 51. Qa8+ Kh7 52. Qe4+ Kg8 53. Qa8+
Kh7 1/2-1/2

[Event "4NCL Division 3 North"]
[Site "Doncaster, ENG"]
[Date "2019.01.12"]
[Round "3.44"]
[White "Floresc, Petru"]
[Black "Grindrod, John"]
[Result "1-0"]
[WhiteElo "2080"]
[BlackElo "1735"]
[PlyCount "63"]
[EventDate "2019.01.12"]
[WhiteTeam "Cheddleton 2"]
[BlackTeam "Manchester Manticores 4"]

1. c4 c5 2. g3 g6 3. Bg2 Bg7 4. e3 Nf6 5. Nc3 e5 6. Nge2 Nc6 7. O-O O-O 8. f4
d6 9. h3 Rb8 10. d3 h5 11. Nd5 Nxd5 12. cxd5 Ne7 13. e4 f5 14. Kh2 Qe8 15. Rb1
b6 16. b4 Bd7 17. fxe5 Bxe5 18. Bf4 Bxf4 19. Nxf4 Rc8 20. bxc5 Rxc5 21. d4 Ba4
22. Qe1 Rc2 23. e5 dxe5 24. Qxe5 Qf7 25. Rbc1 Rfc8 26. Rxc2 Rxc2 27. Re1 Kf8
28. Ne6+ Ke8 29. Ng5 Qf8 30. Kh1 Kd7 31. d6 Nc6 32. Qe6+ 1-0

[Event "4NCL Division 3 North"]
[Site "Doncaster, ENG"]
[Date "2019.01.12"]
[Round "3.46"]
[White "Edwards, Simon R"]
[Black "Pardoe, David"]
[Result "1-0"]
[WhiteElo "1968"]
[BlackElo "1705"]
[PlyCount "43"]
[EventDate "2019.01.12"]
[WhiteTeam "Cheddleton 2"]
[BlackTeam "Manchester Manticores 4"]

1. e4 d5 2. exd5 Qxd5 3. Nc3 Qa5 4. d4 c6 5. Nf3 Bf5 6. Ne5 Nf6 7. g4 Bg6 8. h4
Nbd7 9. Nc4 Qc7 10. Qf3 h5 11. Bf4 hxg4 12. Qe3 Qc8 13. Nd6+ Kd8 14. Nxc8 Kxc8
15. O-O-O e6 16. Bg2 Nb6 17. Bg3 Be7 18. d5 cxd5 19. Nxd5 Nfxd5 20. Bxd5 Nxd5
21. Rxd5 b6 22. Qc3+ 1-0